Loading...
Recombinant proteins from plants : production and isolation of clinically useful compounds /
| Other Authors: | , |
|---|---|
| Format: | Printed Book |
| Language: | English |
| Published: |
Totowa, N.J. :
Humana Press,
c1998.
|
| Subjects: | |
| Online Access: | http://www.loc.gov/catdir/enhancements/fy0825/97035760-t.html http://www.loc.gov/catdir/enhancements/fy0825/97035760-d.html |
| LEADER | 01297cam a2200253 a 4500 | ||
|---|---|---|---|
| 008 | 970728s1998 njua b 001 0 eng | ||
| 010 | |a 97035760 | ||
| 020 | |a 0896033902 (alk. paper) | ||
| 082 | 0 | 0 | |a 660.63 |2 21 |
| 245 | 0 | 0 | |a Recombinant proteins from plants : |b production and isolation of clinically useful compounds / |c edited by Charles Cunningham and Andrew J.R. Porter. |
| 260 | |a Totowa, N.J. : |b Humana Press, |c c1998. | ||
| 300 | |a xi, 308 p. : |b ill. ; |c 24 cm. | ||
| 504 | |a Includes bibligraphical references and index. | ||
| 650 | 0 | |a Plant biotechnology |x Laboratory manuals. | |
| 650 | 0 | |a Recombinant proteins |x Laboratory manuals. | |
| 700 | 1 | |a Cunningham, Charles. | |
| 700 | 1 | |a Porter, Andrew J. R. | |
| 856 | 4 | 1 | |u http://www.loc.gov/catdir/enhancements/fy0825/97035760-t.html |
| 856 | 4 | 2 | |u http://www.loc.gov/catdir/enhancements/fy0825/97035760-d.html |
| 906 | |a 7 |b cbc |c orignew |d 1 |e ocip |f 19 |g y-gencatlg | ||
| 942 | |c BK | ||
| 955 | |a pc20 to ja00 07-28-97; jb14 07-29-97; held for info from CIP publr; jb04 08-11-97; jc02 to technician 08-12-97; jc03 08-13-97; bk rec'd in jb00 01-08-98; CIP ver. jb10 01-23-98 | ||
| 999 | |c 152189 |d 152189 | ||
| 952 | |0 0 |1 0 |4 0 |6 660_600000000000000_CUN_R |7 0 |9 162664 |a BIO |b BIO |c ST1 |d 2018-08-23 |g 0.00 |i 747 |l 0 |o 660.6 CUN/R |p BIO747 |r 2013-12-28 |w 2018-08-10 |y BK | ||